| 000 | 00793nam a2200229Ia 4500 | ||
|---|---|---|---|
| 003 | Ost | ||
| 005 | 20260507075124.0 | ||
| 008 | 260507s9999||||xx |||||||||||||| ||und|| | ||
| 020 | _a8046353977 | ||
| 040 | _cfsecg | ||
| 041 | _aara | ||
| 082 | _a330 | ||
| 100 |
_aالشاعر، عصام _eمؤلف |
||
| 245 | 0 |
_aإدارة الأعمال : _bمشاكل وحلول / _c عصام الشاعر |
|
| 260 |
_aالإسكندرية: _bمكتبة ومطبعة الإشعاع الفنية, _c2005 |
||
| 300 |
_a320 صفحة؛ _bإيضاحات ؛ _c24 سم |
||
| 520 | _aإدارة الإجتماعات-تطوير الأداء-كتابة التقرير-إدارة الوقت | ||
| 653 | _aإدارة الوقت | ||
| 653 | _aالإجتماع | ||
| 653 | _aالتقرير | ||
| 942 | _cكتاب | ||
| 999 |
_c43118 _d43118 |
||